Acteurs et actrices de westerns spaghettis (par image) - Statistiques

Statistiques générales
  • Ce quiz a été pris 64 fois
  • Le résultat moyen est 13 sur 24
Statistiques - réponses
Par images Réponse % Correct
Clint Eastwood
98%
Charles Bronson
86%
Claudia Cardinale
86%
Bud Spencer
84%
Henry Fonda
84%
Lee Van Cleef
84%
Terence Hill
82%
Eli Wallach
75%
Klaus Kinski
73%
Miou Miou
70%
Gian Maria Volonté
61%
James Coburn
61%
Franco Nero
50%
Jean-Louis Trintignant
45%
Johnny Hallyday
43%
Jack Palance
39%
Jason Robards
36%
Orson Welles
34%
Rod Steiger
30%
Tomás Milián
27%
Françoise Fabian
16%
Jean Martin
11%
Lou Castel
11%
Patrick McGoohan
9%
Aucun quiz correspondant
Distribution des résultats
% des personnes avec chaque résultat
Percentile par nombre de réponses
Votre historique - résultats
Vous n’avez pas pris ce quiz